000 00548nam a2200205Ia 4500
005 20250508164658.0
008 008 250505s9999 xx 000 0 hin d
020 _a81-86684-89-1
037 _aTextual
040 _aFEDL
_beng
_cFEDL
041 _ahin
_2eng
084 _a330, KAB
_qFEDL
100 _aKabra Kamal Nayan
245 0 _aBadalta bharat dave aur hakikat
260 _aNew Delhi, India
_bPrakashan Sansthan
_c2008
300 _a232p.
365 _aINR
_b300
942 _cTEXL
_h330, KAB
999 _c1390505
_d1390505